| 000 -LEADER |
| fixed length control field |
01197nam a2200169 4500 |
| 008 - FIXED-LENGTH DATA ELEMENTS--GENERAL INFORMATION |
| fixed length control field |
190510b ||||| |||| 00| 0 eng d |
| 100 ## - MAIN ENTRY--PERSONAL NAME |
| Personal name |
Kroll, Alexander |
| 245 ## - TITLE STATEMENT |
| Title |
Changes in prosocial motivation over time: a cross-sector analysis of effects on volunteering and work behavior |
| 260 ## - PUBLICATION, DISTRIBUTION, ETC. (IMPRINT) |
| Date of publication, distribution, etc |
2018 |
| 300 ## - PHYSICAL DESCRIPTION |
| Extent |
p.1119-1131. |
| 520 ## - SUMMARY, ETC. |
| Summary, etc |
A gap in research on prosocial motivation is that very little is known about its change across time, let alone, how such changes affect employee behavior. Using multiple waves of panel data, covering a period of sixteen years, this article finds that prosocial motivation is mostly stable, and there are no broader socialization effects in the private and public sector. However, when prosocial motivation increases, it leads to increases in either work or volunteering behavior, suggesting that public employees may use alternative outlets to realize their motivation if such motivational capital cannot be linked to the mission of their organizations. - Reproduced. |
| 650 ## - SUBJECT ADDED ENTRY--TOPICAL TERM |
| Topical term or geographic name as entry element |
Work culture |
| 9 (RLIN) |
5402 |
| 700 ## - ADDED ENTRY--PERSONAL NAME |
| Personal name |
Vogel, Dominik |
| 9 (RLIN) |
5403 |
| 773 ## - HOST ITEM ENTRY |
| Main entry heading |
International Journal of Public Administration |
| 906 ## - LOCAL DATA ELEMENT F, LDF (RLIN) |
| Subject DIP |
Motivation |
| 942 ## - ADDED ENTRY ELEMENTS (KOHA) |
| Source of classification or shelving scheme |
|
| Item type |
Articles |